A execução fiscal e o princípio da eficiência da ação judicial à cobrança administrativa / (Registro nro. 173299)

Detalles MARC
000 -LEADER
fixed length control field 01184nam a22003131i 4500
001 - CONTROL NUMBER
control field bslw10096425
006 - FIXED-LENGTH DATA ELEMENTS--ADDITIONAL MATERIAL CHARACTERISTICS--GENERAL INFORMATION
fixed length control field m o d
007 - PHYSICAL DESCRIPTION FIXED FIELD--GENERAL INFORMATION
fixed length control field cr un ---uuuua
008 - FIXED-LENGTH DATA ELEMENTS--GENERAL INFORMATION
fixed length control field 231017s2022 bl ob 000 0 spa d
020 ## - INTERNATIONAL STANDARD BOOK NUMBER
International Standard Book Number 9786500526318
035 ## -
-- 40787
040 ## - CATALOGING SOURCE
Original cataloging agency UtOrBLW
Language of cataloging eng
Description conventions rda
Transcribing agency UtOrBLW
050 #4 -
-- K3414
-- .B73 2022
082 04 -
-- 336.2
-- 23
100 1# - MAIN ENTRY--PERSONAL NAME
Personal name Brandão Rocha, Leonardo,
Relator term author.
245 12 - TITLE STATEMENT
Title A execução fiscal e o princípio da eficiência da ação judicial à cobrança administrativa /
Statement of responsibility, etc Leonardo Brandão Rocha (Procurador do Município de Contagem. Mestre em Direito Público pela Universidade Fumec. Especialista em Processo pela Puc Minas).
264 #1 -
-- Belo Horizonte :
-- Editora Del Rey,
-- 2022.
300 ## - PHYSICAL DESCRIPTION
Extent 1 online resource (156 pages)
336 ## -
-- text
-- txt
-- rdacontent
337 ## -
-- computer
-- c
-- rdamedia
338 ## -
-- online resource
-- cr
-- rdacarrier
504 ## - BIBLIOGRAPHY, ETC. NOTE
Bibliography, etc Includes bibliographical references.
650 #0 - SUBJECT ADDED ENTRY--TOPICAL TERM
Topical term or geographic name as entry element Executions (Administrative law)
650 #0 - SUBJECT ADDED ENTRY--TOPICAL TERM
Topical term or geographic name as entry element Tax collection.
650 #0 - SUBJECT ADDED ENTRY--TOPICAL TERM
Topical term or geographic name as entry element Tax administration and procedure.
856 40 - LOCALIZACIÓN Y ACCESO ELECTRÓNICO
Identificador Uniforme del Recurso (URI/URL) https://app.vlex.com/#/sources/40787
942 ## -
-- RAA
999 ## -
-- 173299
-- 173299

No hay ítems disponibles.


CONTACTO


NOSOTROS


SITIOS DE INTERES

coordinacion.biblioteca.biblioteca@unienlinea.mx Misión, Visión y Objetivos Bases de datos
Directorio Bibliotecas Digitales y Repositorios
Normatividad Revistas y artículos
Convenios interbibliotecarios
Boletines



Hecho en México. Universidad Insurgentes (UIN). Todos los derechos reservados 2024. Esta página y sus contenidos pueden ser reproducidos con fines no lucrativos, siempre y cuando no se mutile, se cite la fuente completa y su dirección electrónicas. De otra forma requiere permiso previo por escrito de la institución




2024 Copyright Universidad Insurgentes | www.bibliouin.com.mx